North American Currencies - Statistics

General Stats
  • This quiz has been taken 143 times
  • The average score is 20 of 23
Answer Stats
Country Currency % Correct
Jamaica Dollar
100%
Belize Dollar
100%
El Salvador Dollar
100%
Saint Kitts and Nevis Dollar
100%
USA Dollar
100%
Canada Dollar
100%
Dominica Dollar
100%
Antigua and Barbuda Dollar
100%
Saint Vincent and the Grenadines Dollar
100%
Saint Lucia Dollar
100%
Bahamas Dollar
100%
Barbados Dollar
100%
Trinidad and Tobago Dollar
100%
Panama Dollar
100%
Grenada Dollar
100%
Dominican Republic Peso
98%
Mexico Peso
98%
Cuba Peso
98%
Guatemala Quetzal
47%
Costa Rica Colon
45%
Nicaragua Cordoba
33%
Haiti Gourde
33%
Honduras Lempira
30%
No matching quizzes found
Score Distribution
Percent of People with Each Score
Percentile by Number Answered
Your Score History
You have not taken this quiz